PENGELUARAN BENIH IKAN TILAPIA / (Record no. 123646)

MARC details
000 -LEADER
fixed length control field 00999nam a2200313 i 4500
001 - CONTROL NUMBER
control field C2-0323590
003 - CONTROL NUMBER IDENTIFIER
control field PPAK
005 - DATE AND TIME OF LATEST TRANSACTION
control field 20210803094539.0
008 - FIXED-LENGTH DATA ELEMENTS--GENERAL INFORMATION
fixed length control field 131104s2012 my a|||| ||||| | may d
020 ## - INTERNATIONAL STANDARD BOOK NUMBER
International Standard Book Number 9789834607890
Qualifying information paperback
040 ## - CATALOGING SOURCE
Original cataloging agency PPAK
Language of cataloging eng
Transcribing agency PPAK
Description conventions rda
082 04 - DEWEY DECIMAL CLASSIFICATION NUMBER
Classification number 639.377409595
Edition number 23
090 00 - LOCALLY ASSIGNED LC-TYPE CALL NUMBER (OCLC); LOCAL CALL NUMBER (RLIN)
Classification number (OCLC) (R) ; Classification number, CALL (RLIN) (NR) 639.377409595
Feature heading AHM
Feature heading G
Classification number (OCLC) (R) ; Classification number, CALL (RLIN) (NR) 639.377409595
Feature heading AHM
Feature heading KAO
100 0# - MAIN ENTRY--PERSONAL NAME
Personal name Ahmad Fuad Ahmad,
Relator term author
245 10 - TITLE STATEMENT
Title PENGELUARAN BENIH IKAN TILAPIA /
Statement of responsibility, etc. AHMAD FUAD AHMAD
264 #1 - PRODUCTION, PUBLICATION, DISTRIBUTION, MANUFACTURE, AND COPYRIGHT NOTICE
Place of production, publication, distribution, manufacture Kuala Lumpur :
Name of producer, publisher, distributor, manufacturer Dewan Bahasa dan Pustaka ,
Date of production, publication, distribution, manufacture, or copyright notice 2012
300 ## - PHYSICAL DESCRIPTION
Extent xv, 179 pages :
Other physical details colour illustrations ;
Dimensions 23 cm
336 ## - CONTENT TYPE
Source rdacontent
Content type term text
337 ## - MEDIA TYPE
Source rdamedia
Media type term unmediated
338 ## - CARRIER TYPE
Source rdacarrier
Carrier type term volume
500 ## - GENERAL NOTE
General note Includes index.
504 ## - BIBLIOGRAPHY, ETC. NOTE
Bibliography, etc. note Bibliography : pages 171-175.
650 10 - SUBJECT ADDED ENTRY--TOPICAL TERM
Topical term or geographic name entry element Tilapia
General subdivision Breeding
Geographic subdivision Malaysia.
Topical term or geographic name entry element Fishes
General subdivision Breeding
Geographic subdivision Malaysia.
Topical term or geographic name entry element Freshwater fishes
Geographic subdivision Malaysia.
Topical term or geographic name entry element Fish hatcheries
Geographic subdivision Malaysia.
942 ## - ADDED ENTRY ELEMENTS (KOHA)
Koha item type Book
Source of classification or shelving scheme Dewey Decimal Classification
Holdings
Withdrawn Not for loan Current library Shelving location Date acquired Full call number Barcode Date last seen Koha item type Total Checkouts Date last checked out
    Perpustakaan Alor Setar Pinjaman Dewasa 05/12/2013 639.377409595 AHM A01418236 09/05/2018 Book    
    Perpustakaan Alor Setar Pinjaman Dewasa 05/12/2013 639.377409595 AHM A01418237 09/05/2018 Book    
    Perpustakaan Awam Sungai Petani Pinjaman Dewasa 05/12/2013 639.377409595 AHM A01418238 02/11/2025 Book 1 13/10/2025
    Perpustakaan Baling Pinjaman Dewasa 05/12/2013 639.377409595 AHM A01418241 09/05/2018 Book    
    Perpustakaan Jitra Pinjaman Dewasa 05/12/2013 639.377409595 AHM A01418239 09/05/2018 Book    
  Not For Loan Perpustakaan Jitra Koleksi Asmah Haji Omar 06/09/2021 KAO 639.377409595 AHM KAO000352 06/09/2021 Book    
    Perpustakaan Kulim Pinjaman Dewasa 05/12/2013 639.377409595 AHM A01418240 09/05/2018 Book    
    Perpustakaan Merbok Pinjaman Dewasa 05/12/2013 639.377409595 AHM A01418242 09/05/2018 Book